| 000 | 01826nam2a2200301 4500 | ||
|---|---|---|---|
| 001 | rc\2941065 | ||
| 005 | 20260406084023.0 | ||
| 035 | _a(NLR Aleph) 007089874 | ||
| 090 |
_a13599767 _c13599767 |
||
| 100 | _a20110825d1940 u y0rusy50 ca | ||
| 101 | 0 | _arus | |
| 102 | _aRU | ||
| 105 | _ab z ||||| | ||
| 200 | 1 |
_aНовая история _e[Для 9-го класса] _h[Ч. 2] _i(1871-1918 годы) (обл.: 1870-1918) _f[Сост. А.В. Ефимов, А.П. Аверьянов, В.А. Орлов и др.] _gПод ред. чл.-кор. АН СССР проф. А.В. Ефимова и доц. А.В. Фохт |
|
| 205 | _a2-е изд., испр. и доп. | ||
| 210 |
_d1940 _eЛенинград |
||
| 215 |
_a312 с., 2 вкл. л. карт. _cкарт. |
||
| 461 | 0 |
_1001rc\2941063 _12001#$aМетодическое пособие по истории$e[Для сред. школы]$eУтв. НКП РСФСР$fГос. науч.-исслед. ин-т школ Наркомпроса РСФСР$vВып. 4 _96562937 _cМосква _d1939-1940 _e2-е изд., доп. _fГос. науч.-исслед. ин-т школ Наркомпроса РСФСР _nУчпедгиз _o[Для сред. школы] : Утв. НКП РСФСР _tМетодическое пособие по истории _vВып. 4 |
|
| 702 | 1 |
_4340 _7ca _8rus _aЕфимов _bА. В. _cд-р ист. наук _f1896-1971 _gАлексей Владимирович _9256224 _3RU\NLR\AUTH\770256280 |
|
| 702 | 1 |
_aОрлов _bВ.А. _4220 |
|
| 702 | 1 |
_aАверьянов _bА.П. _4220 |
|
| 702 | 1 |
_4340 _7ca _8rus _aФохт _bА. В. _f1899-1972 _gАнастасия Викторовна _3RU\NLR\AUTH\770278695 _92650662 |
|
| 801 | 0 |
_aRU _bNLR _gpsbo |
|
| 801 | 1 |
_aRU _bELAR _2rusmarc |
|
| 852 |
_aNLR _j39-17/517(4) |
||
| 942 | _cUNSPEC | ||
| 980 | _aNB | ||